تاريخ وحضارة مصر فى العصرين البطلمى والرومانى
محفوظ في:
المؤلف الرئيسي:
التنسيق: كتاب
اللغة: Undetermined
منشور في:
Cairo :
,
2008.
الوسوم: إضافة وسم
لا توجد وسوم, كن أول من يضع وسما على هذه التسجيلة!
رقم الطلب: DT83 .M5
| LEADER | 00407nam a2200121Ia 4500 | ||
|---|---|---|---|
| 008 | 240329s9999||||xx |||||||||||||| ||und|| | ||
| 050 | 4 | |a DT83 .M5 | |
| 100 | 1 | |a عبدالرحمن على محمد. | |
| 245 | 1 | 0 | |a تاريخ وحضارة مصر فى العصرين البطلمى والرومانى |c عبدالرحمن على محمد |
| 264 | 1 | |a Cairo : |b , |c 2008. | |
| 300 | |a 282 |c 24 CM | ||
| 942 | |2 lcc |c BK | ||
| 999 | |c 57598 |d 57598 | ||
